Podpora duševného zdravia pedagógov a prevencia syndrómu vyhorenia záverečná práca [pedagogického minima]
Salvato in:
| Autore principale: | |
|---|---|
| Ente Autore: | |
| Altri autori: | |
| Natura: | Libro |
| Lingua: | slovacco |
| Pubblicazione: |
Bratislava
2009
|
| Soggetti: | |
| Tags: |
Nessun Tag, puoi essere il primo ad aggiungerne!!
|
MARC
| LEADER | 00000nam$a2200000$$$4500 | ||
|---|---|---|---|
| 001 | 0091159 | ||
| 005 | 20240502072022.2 | ||
| 041 | 0 | |a slo | |
| 044 | |a SK | ||
| 245 | 1 | 0 | |a Podpora duševného zdravia pedagógov a prevencia syndrómu vyhorenia |b záverečná práca [pedagogického minima] |c Adriana Horníková ; škol. Zdenka Macková |
| 264 | 1 | |a Bratislava |c 2009 | |
| 300 | |a 35 s. | ||
| 610 | 2 | 0 | |a psychológia pedagogická |
| 610 | 2 | 0 | |a hygiena duševná |
| 610 | 2 | 0 | |a starostlivosť o zdravie |
| 610 | 2 | 0 | |a pedagogika |
| 610 | 2 | 0 | |a učitelia |
| 610 | 2 | 0 | |a školy vysoké |
| 610 | 2 | 0 | |a univerzity |
| 100 | 1 | |a Horníková, Adriana | |
| 700 | 1 | |a Macková, Zdenka | |
| 710 | 2 | |a Národohospodárska fakulta EU. Katedra pedagogiky | |